[Event "Femida-The Cup of Mayor of Kharkiv-2007"]
[Site "Kharkiv"]
[Date "2007.10.27"]
[Round "9"]
[White "Arzumanian, G."]
[Black "Onischuk, V."]
[Result "0-1"]
[WhiteElo "2493"]
[BlackElo "2469"]
[PlyCount "164"]
[EventDate "2007.10.21"]
[SourceDate "2007.10.21"]

1. e4 c5 2. Nc3 d6 3. Nf3 Nf6 4. d4 cxd4 5. Nxd4 a6 6. Be2 e5 7. Nb3 Be7 8. O-O
O-O 9. Re1 Be6 10. Bf3 Nbd7 11. a4 h6 12. Nd2 Rc8 13. Nf1 Rc4 14. Be3 Qc7 15.
a5 Rb4 16. Qc1 Rc8 17. Bd2 Rd4 18. Be3 Rb4 19. Bd2 Rd4 20. Be3 Rc4 21. Ng3 Qd8
22. Qd2 Ng4 23. Bxg4 Bxg4 24. f3 Be6 25. Nf1 R4c6 26. Rec1 b5 27. axb6 Nxb6 28.
Nd5 Nc4 29. Qe2 Nxb2 30. Rxa6 Nc4 31. Rxc6 Rxc6 32. Bf2 Bxd5 33. exd5 Rc8 34.
Ra1 Bg5 35. Ra6 Qd7 36. Qd3 g6 37. Qb3 Kg7 38. Ra4 Qc7 39. g3 Bd8 40. Ra7 Qb8
41. Rb7 Qa8 42. Qb5 Nb6 43. Rxb6 Bxb6 44. Qxb6 Qxd5 45. Ne3 Qd2 46. Qa6 Rc3 47.
Qb6 d5 48. Kg2 h5 49. Qb4 Rd3 50. Qxd2 Rxd2 51. c3 Kf6 52. Kf1 Ke6 53. c4 d4
54. Nd5 Rc2 55. Nb6 g5 56. h3 d3 57. Ke1 f5 58. g4 Rc1+ 59. Kd2 Rc2+ 60. Ke1
hxg4 61. hxg4 f4 62. Na4 Rc1+ 63. Kd2 Rc2+ 64. Ke1 Rxc4 65. Nc5+ Kd5 66. Nxd3
e4 67. fxe4+ Kxe4 68. Kd2 Rc8 69. Ne1 Ra8 70. Ke2 Ra2+ 71. Kf1 f3 72. Kg1 Kf4
73. Nd3+ Kxg4 74. Ne5+ Kf4 75. Nd3+ Kf5 76. Ne1 Ke4 77. Kf1 Kf4 78. Nd3+ Ke4
79. Ne1 Ra1 80. Kg1 Kf4 81. Kh2 Ra2 82. Kg1 g4 0-1

[Event "Femida-The Cup of Mayor of Kharkiv-2007"]
[Site "Kharkiv"]
[Date "2007.10.27"]
[Round "9"]
[White "Aveskulov, V."]
[Black "Simonian, H."]
[Result "1/2-1/2"]
[WhiteElo "2545"]
[BlackElo "2405"]
[PlyCount "148"]
[EventDate "2007.10.21"]
[SourceDate "2007.10.21"]

1. e4 c5 2. Nf3 e6 3. d4 cxd4 4. Nxd4 a6 5. Be2 Nf6 6. Nc3 Bb4 7. Qd3 d6 8. Bd2
Nbd7 9. Nb3 O-O 10. a3 Bxc3 11. Bxc3 d5 12. exd5 Nxd5 13. Bd2 Qf6 14. O-O Nf4
15. Bxf4 Qxf4 16. Rad1 b5 17. Na5 Qc7 18. b4 Nf6 19. Bf3 Nd5 20. Bxd5 exd5 21.
Nb3 Bb7 22. Rfe1 d4 23. Nc5 Rfd8 24. Qg3 Qxg3 25. hxg3 Bc6 26. Nb3 Kf8 27. Nxd4
Bd5 28. f3 Rac8 29. Kf2 g6 30. g4 h6 31. Rd2 Bc4 32. Ra1 Rd6 33. Rh1 Rcd8 34.
c3 Kg7 35. Rhd1 Kf6 36. Nb3 Rxd2+ 37. Rxd2 Rc8 38. Nc5 Rc6 39. Rd4 Be6 40. a4
bxa4 41. Nxa4 g5 42. Ke3 Ke5 43. Re4+ Kd6 44. Kd2 f5 45. Rd4+ Kc7 46. gxf5 Bxf5
47. c4 Bc8 48. c5 h5 49. Nb6 Be6 50. Nd5+ Bxd5 51. Rxd5 Rg6 52. Kc3 Kc6 53. Re5
g4 54. fxg4 Rxg4 55. Re6+ Kb7 56. Re7+ Kc6 57. Re6+ Kb7 58. Rh6 Rxg2 59. Rxh5
Rg4 60. Rh7+ Kb8 61. Kb3 Rg1 62. Kc4 Rg4+ 63. Kb3 Rg1 64. Rh3 Kb7 65. Ka4 Ra1+
66. Ra3 Rb1 67. Ra2 Kc6 68. Rg2 Ra1+ 69. Kb3 Rb1+ 70. Kc3 Rc1+ 71. Kb2 Rc4 72.
Rg6+ Kb5 73. Rb6+ Ka4 74. c6 a5 1/2-1/2

[Event "Femida-The Cup of Mayor of Kharkiv-2007"]
[Site "Kharkiv"]
[Date "2007.10.28"]
[Round "10"]
[White "Erturan, Y."]
[Black "Simonian, H."]
[Result "1/2-1/2"]
[WhiteElo "2418"]
[BlackElo "2405"]
[PlyCount "50"]
[EventDate "2007.10.21"]
[SourceDate "2007.10.21"]

1. e4 c5 2. Nf3 e6 3. d4 cxd4 4. Nxd4 a6 5. Bd3 Bc5 6. Nb3 Be7 7. Be3 d6 8.
N1d2 Nf6 9. f4 Nc6 10. Nc4 b5 11. Nb6 Rb8 12. Nxc8 Qxc8 13. a4 Nb4 14. axb5
axb5 15. O-O O-O 16. Qd2 d5 17. e5 Ne4 18. Qe2 Nc5 19. Nd4 Ncxd3 20. cxd3 Nc6
21. Rfc1 Nxd4 22. Bxd4 Qd7 23. Ra7 Rb7 24. Rxb7 Qxb7 25. Qc2 Rb8 1/2-1/2

[Event "Femida-The Cup of Mayor of Kharkiv-2007"]
[Site "Kharkiv"]
[Date "2007.10.28"]
[Round "10"]
[White "Onischuk, V."]
[Black "Aveskulov, V."]
[Result "1/2-1/2"]
[WhiteElo "2469"]
[BlackElo "2545"]
[PlyCount "119"]
[EventDate "2007.10.21"]
[SourceDate "2007.10.21"]

1. e4 c5 2. Nf3 d6 3. d4 Nf6 4. Nc3 cxd4 5. Nxd4 a6 6. a4 g6 7. Be2 Bg7 8. O-O
O-O 9. Re1 Nc6 10. Nb3 Be6 11. Bf1 d5 12. Nc5 Bg4 13. f3 d4 14. Ne2 Bc8 15. Nd3
Qb6 16. Bd2 Rd8 17. Kh1 e5 18. a5 Qc7 19. Nec1 Na7 20. Nb3 Bd7 21. Bg5 h6 22.
Bh4 Re8 23. Bg3 Nh5 24. Bf2 Nb5 25. Qd2 Rac8 26. Nbc5 Bc6 27. Nb4 Bf8 28. Ncd3
Nf6 29. c4 dxc3 30. bxc3 Bd7 31. Rec1 Qd6 32. c4 Nd4 33. Qb2 Bg7 34. c5 Qe7 35.
Bxd4 exd4 36. e5 Nh7 37. Nd5 Qe6 38. Nb6 Rc7 39. Nxd7 Qxd7 40. f4 Nf8 41. Be2
g5 42. Rc4 Ne6 43. f5 Qd5 44. Nb4 Qxe5 45. fxe6 d3 46. Qxe5 Bxe5 47. Re1 dxe2
48. Nd5 Rc6 49. e7 f6 50. Rxe2 Kf7 51. g3 Rec8 52. Rec2 Ke6 53. Rd2 Kf7 54.
Rdc2 h5 55. Kg2 Ke6 56. Rd2 Kf7 57. Rdc2 g4 58. Rc1 Ke6 59. Rd1 Kf7 60. Rdc1
1/2-1/2

[Event "Femida-The Cup of Mayor of Kharkiv-2007"]
[Site "Kharkiv"]
[Date "2007.10.28"]
[Round "10"]
[White "Mamedov, N."]
[Black "Arzumanian, G."]
[Result "0-1"]
[WhiteElo "2565"]
[BlackElo "2493"]
[PlyCount "90"]
[EventDate "2007.10.21"]
[SourceDate "2007.10.21"]

1. e4 c5 2. Nf3 e6 3. d4 cxd4 4. Nxd4 a6 5. Nc3 Qc7 6. Be3 Nf6 7. Qd3 Bb4 8.
Nde2 Nc6 9. f4 d5 10. O-O-O O-O 11. a3 Be7 12. exd5 exd5 13. Nd4 Rd8 14. Be2
Na5 15. Kb1 Nc4 16. Bc1 b5 17. g4 Bb7 18. Bf3 Bc5 19. Rhf1 Rac8 20. Nce2 Ne4
21. g5 Qb6 22. Bg4 Rb8 23. Qh3 b4 24. a4 Qa5 25. Nb3 Qb6 26. f5 Nf2 27. Rxf2
Bxf2 28. g6 hxg6 29. fxg6 Qxg6 30. Rf1 Ne3 31. Bxe3 Bxe3 32. Bh5 Qh6 33. Bxf7+
Kh8 34. Qg3 Qg5 35. Qh3+ Qh6 36. Qg4 Rf8 37. Rf3 Bc8 38. Qg3 Ba7 39. Bxd5 Rxf3
40. Qxf3 Bd7 41. Qf7 Rd8 42. Qe7 Qf6 43. Qxb4 Bxa4 44. Nf4 Bxb3 45. cxb3 Rxd5
0-1

[Event "Femida-The Cup of Mayor of Kharkiv-2007"]
[Site "Kharkiv"]
[Date "2007.10.28"]
[Round "10"]
[White "Atakisi, U."]
[Black "Sjugirov, S."]
[Result "0-1"]
[WhiteElo "2399"]
[BlackElo "2422"]
[PlyCount "72"]
[EventDate "2007.10.21"]
[SourceDate "2007.10.21"]

1. e4 d6 2. d4 Nf6 3. Nc3 e5 4. Nf3 Nbd7 5. Bc4 Be7 6. O-O O-O 7. Re1 a6 8. a4
b6 9. b3 Bb7 10. Bb2 c6 11. d5 Qc7 12. Re2 b5 13. dxc6 bxc4 14. cxb7 Qxb7 15.
Ba3 cxb3 16. cxb3 Rac8 17. Rc1 Nc5 18. Bxc5 Rxc5 19. Nd2 d5 20. Nxd5 Nxd5 21.
Rxc5 Bxc5 22. exd5 Qxd5 23. Qc2 Rd8 24. g3 Bd4 25. Qc4 Qb7 26. Qc2 Rc8 27. Nc4
Qf3 28. Re1 g6 29. Rf1 Rb8 30. Rb1 h5 31. Ne3 Bxe3 32. fxe3 Qxe3+ 33. Kg2 e4
34. b4 Rd8 35. Rb3 Rd2+ 36. Kh3 Qf2 0-1

[Event "Femida-The Cup of Mayor of Kharkiv-2007"]
[Site "Kharkiv"]
[Date "2007.10.28"]
[Round "10"]
[White "Korobkov, P."]
[Black "Zherebukh, Y."]
[Result "1/2-1/2"]
[WhiteElo "2469"]
[BlackElo "2450"]
[PlyCount "70"]
[EventDate "2007.10.21"]
[SourceDate "2007.10.21"]

1. b3 c5 2. Bb2 d5 3. e3 a6 4. Nf3 Nc6 5. d4 cxd4 6. Nxd4 Nf6 7. Be2 e6 8. O-O
Be7 9. Nd2 O-O 10. c4 Bd7 11. cxd5 Nxd4 12. Bxd4 Nxd5 13. Nc4 f6 14. Bg4 b5 15.
Nb6 Nxb6 16. Bxb6 Qxb6 17. Qxd7 Kf7 18. Rac1 Qd6 19. Qxd6 Bxd6 20. Rc6 Ke7 21.
Rd1 Rfd8 22. Bf3 Ra7 23. g4 Bc7 24. Rxd8 Bxd8 25. Kg2 Kd7 26. h4 b4 27. Rc4 a5
28. Bc6+ Ke7 29. Ba4 Rc7 30. Rd4 Ra7 31. h5 Bb6 32. Rd2 Rc7 33. Bb5 Bc5 34. Rc2
Bd6 35. Bc4 h6 1/2-1/2

[Event "Femida-The Cup of Mayor of Kharkiv-2007"]
[Site "Kharkiv"]
[Date "2007.10.29"]
[Round "11"]
[White "Kovchan, A."]
[Black "Erturan, Y."]
[Result "1-0"]
[WhiteElo "2507"]
[BlackElo "2418"]
[PlyCount "67"]
[EventDate "2007.10.21"]
[SourceDate "2007.10.21"]

1. e4 e5 2. Nf3 Nc6 3. d4 exd4 4. Nxd4 d6 5. Nxc6 bxc6 6. g3 f5 7. exf5 Bxf5 8.
Bg2 Qe7+ 9. Be3 Be4 10. Bxe4 Qxe4 11. O-O Be7 12. Re1 Qf5 13. Qe2 Nf6 14. Bh6
O-O 15. Qxe7 gxh6 16. Qe6+ Qxe6 17. Rxe6 Ng4 18. Re2 Rae8 19. Rxe8 Rxe8 20. Nc3
d5 21. Rd1 Rf8 22. Rd2 Ne5 23. Re2 Nf3+ 24. Kg2 Nd4 25. Rd2 Ne6 26. Rd3 Kf7 27.
Nd1 Rb8 28. Ra3 Rb7 29. Ra6 c5 30. b3 c4 31. Ne3 cxb3 32. axb3 d4 33. Nc4 d3
34. Ne5+ 1-0

[Event "Femida-The Cup of Mayor of Kharkiv-2007"]
[Site "Kharkiv"]
[Date "2007.10.29"]
[Round "11"]
[White "Zherebukh, Y."]
[Black "Shalimov, V."]
[Result "1-0"]
[WhiteElo "2450"]
[BlackElo "2439"]
[PlyCount "111"]
[EventDate "2007.10.21"]
[SourceDate "2007.10.21"]

1. e4 c5 2. Nf3 e6 3. d4 cxd4 4. Nxd4 a6 5. Be2 Nf6 6. Nc3 Qc7 7. O-O Nc6 8.
Kh1 Be7 9. f4 d6 10. a4 O-O 11. Be3 Re8 12. Bf3 Rb8 13. g4 Nxd4 14. Bxd4 e5 15.
fxe5 dxe5 16. Ba7 Ra8 17. g5 Rd8 18. Qe2 Rxa7 19. gxf6 Bxf6 20. Nd5 Qc6 21.
Nxf6+ Qxf6 22. Bh5 Qh4 23. Bxf7+ Kh8 24. Rad1 Rxd1 25. Qxd1 Bh3 26. Rf3 Ra8 27.
Qd2 Qg4 28. Qe2 h6 29. Bd5 Kh7 30. Qf2 Rc8 31. c3 a5 32. Rf7 Rd8 33. Qg1 Qxg1+
34. Kxg1 b6 35. Kf2 Rd6 36. Re7 Rg6 37. Kf3 Rg5 38. b4 Bg4+ 39. Kf2 Bd1 40. b5
Rh5 41. Kg2 Rg5+ 42. Kf1 Bxa4 43. c4 h5 44. Re6 Rg6 45. Rxe5 Kh6 46. Re8 Bb3
47. e5 Rg4 48. e6 Rxc4 49. Bxc4 Bxc4+ 50. Kf2 Kg6 51. Rc8 Bxe6 52. Rc6 Kf7 53.
Rxb6 Bc4 54. Rb8 a4 55. b6 Bd5 56. Rd8 1-0

[Event "Femida-The Cup of Mayor of Kharkiv-2007"]
[Site "Kharkiv"]
[Date "2007.10.29"]
[Round "11"]
[White "Arzumanian, G."]
[Black "Atakisi, U."]
[Result "1/2-1/2"]
[WhiteElo "2493"]
[BlackElo "2399"]
[PlyCount "39"]
[EventDate "2007.10.21"]
[SourceDate "2007.10.21"]

1. e4 c5 2. Nf3 Nc6 3. d4 cxd4 4. Nxd4 Nf6 5. Nc3 e5 6. Ndb5 d6 7. Bg5 a6 8.
Na3 b5 9. Nd5 Be7 10. Bxf6 Bxf6 11. c3 Bg5 12. Nc2 Rb8 13. b3 O-O 14. a4 Ne7
15. Ncb4 Nxd5 16. Nxd5 Be6 17. axb5 Qc8 18. c4 axb5 19. Be2 Qc5 20. O-O 1/2-1/2

[Event "Femida-The Cup of Mayor of Kharkiv-2007"]
[Site "Kharkiv"]
[Date "2007.10.29"]
[Round "11"]
[White "Aveskulov, V."]
[Black "Mamedov, N."]
[Result "1/2-1/2"]
[WhiteElo "2545"]
[BlackElo "2565"]
[PlyCount "145"]
[EventDate "2007.10.21"]
[SourceDate "2007.10.21"]

1. e4 c5 2. Nf3 d6 3. d4 cxd4 4. Nxd4 Nf6 5. Nc3 Nc6 6. Be2 e5 7. Nf3 h6 8. O-O
Be7 9. Re1 O-O 10. h3 a6 11. Bf1 Qc7 12. Nh2 Bd8 13. Be3 Be6 14. Ng4 Nxg4 15.
hxg4 Qd7 16. f3 Ba5 17. Qd3 Qc7 18. a3 Rac8 19. b4 Bb6 20. Nd5 Bxd5 21. exd5
Nd4 22. c4 f5 23. f4 fxg4 24. fxe5 Nf5 25. exd6 Qd8 26. Bxb6 Qxb6+ 27. c5 Rxc5
28. bxc5 Qxc5+ 29. Kh1 Qf2 30. Re4 Qh4+ 31. Qh3 Ng3+ 32. Kg1 Qxh3 33. gxh3 Nxe4
34. d7 Rd8 35. Be2 Nf6 36. hxg4 Rxd7 37. Rd1 Kf7 38. Bf3 Ne8 39. Kf2 Nd6 40.
Rd3 Rc7 41. Re3 Rc2+ 42. Kg3 Rc8 43. Re6 Rd8 44. Kf4 Rd7 45. g5 hxg5+ 46. Kxg5
Kf8 47. a4 a5 48. Bg2 Ne8 49. Kf5 Nc7 50. Re5 Rd6 51. Re1 b6 52. Ke5 Ke7 53.
Be4 Rh6 54. Kd4 Rh4 55. Ke5 Ne8 56. Rg1 Rh5+ 57. Bf5 Rh4 58. Rg6 Rh6 59. Rg4
Rh1 60. Be6 Re1+ 61. Kd4 Re2 62. Bf5 Rf2 63. Ke5 Nd6 64. Rxg7+ Kf8 65. Rg6 Nxf5
66. Rf6+ Ke7 67. Rxf5 Re2+ 68. Kd4 Ra2 69. Ke5 Rxa4 70. d6+ Kd8 71. Rf8+ Kd7
72. Rf7+ Kd8 73. Rf8+ 1/2-1/2

[Event "Femida-The Cup of Mayor of Kharkiv-2007"]
[Site "Kharkiv"]
[Date "2007.10.29"]
[Round "11"]
[White "Simonian, H."]
[Black "Onischuk, V."]
[Result "1/2-1/2"]
[WhiteElo "2405"]
[BlackElo "2469"]
[PlyCount "93"]
[EventDate "2007.10.21"]
[SourceDate "2007.10.21"]

1. e4 g6 2. d4 Bg7 3. Nc3 c6 4. Be3 d5 5. Qd2 dxe4 6. Nxe4 Nd7 7. Nf3 Ngf6 8.
Nxf6+ Nxf6 9. Bc4 O-O 10. O-O Bf5 11. c3 Be4 12. Ne5 Bd5 13. Bd3 Be6 14. Bh6
Qc7 15. Bxg7 Kxg7 16. f4 Bf5 17. Bxf5 gxf5 18. Qd3 Ne4 19. g4 e6 20. gxf5 exf5
21. Qh3 f6 22. Qxf5 Nd6 23. Qd7+ Qxd7 24. Nxd7 Rfe8 25. Nc5 Re2 26. Rf2 Re3 27.
Rd1 b6 28. Nd3 a5 29. Ne1 Kf7 30. Kf1 Rae8 31. Nc2 R3e4 32. Rd3 Nc4 33. b3 Ne3+
34. Nxe3 Rxe3 35. Rfd2 R8e4 36. Rxe3 Rxe3 37. c4 Rf3+ 38. Kg2 Rxf4 39. d5 cxd5
40. Rxd5 Re4 41. Kf3 Re6 42. Rb5 Kg6 43. a4 f5 44. c5 bxc5 45. Rxa5 Rc6 46. Rb5
c4 47. bxc4 1/2-1/2